Loading...

തെരഞ്ഞെടുത്ത കഥകള്‍ /

Bibliografiske detaljer
Hovedforfatter: കുമാരന്‍, യു. കെ
Andre forfattere: Kumaran, U. K.
Format: Printed Book
Sprog:English
Udgivet: കോഴിക്കോട് : പൂര്‍ണ പബ്ലിക്കേഷന്‍സ്, 2007.
Udgivelse:1st ed.
Fag:
LEADER 00806nam a22001937a 4500
008 131007b xxu||||| |||| 00| 0 eng d
999 |c 4020  |d 4020 
020 |a 9798130006108 
082 |a 894.1301   |b KUM 
100 |a കുമാരന്‍, യു. കെ 
240 |a Therenjedutha kathakal 
245 |a തെരഞ്ഞെടുത്ത കഥകള്‍ /  |c യു. കെ. കുമാരന്‍ 
250 |a 1st ed. 
260 |a കോഴിക്കോട് :  |b പൂര്‍ണ പബ്ലിക്കേഷന്‍സ്,  |c 2007. 
300 |a 340p. 
650 |a Stories 
700 |a Kumaran, U. K. 
942 |2 ddc  |c BK 
952 |0 0  |1 0  |2 ddc  |4 0  |6 894_130100000000000_KUM  |7 0  |9 4801  |a MAIN  |b MAIN  |d 2013-10-07  |e Poorna Publications  |g 250.00  |l 1  |o 894.1301 KUM  |p 5072  |r 2013-12-12  |s 2013-12-03  |w 2013-10-07  |y BK